I dialoghi del Bruno. / (Record no. 157902)

MARC details
000 -LEADER
fixed length control field 00490nam a22001697a 4500
005 - DATE AND TIME OF LATEST TRANSACTION
control field 20211008122237.0
008 - FIXED-LENGTH DATA ELEMENTS--GENERAL INFORMATION
fixed length control field 211008b it||| |||| 00| 0 spa d
050 ## - LIBRARY OF CONGRESS CALL NUMBER
Classification number B783.Z7
Item number G87 [1932]
100 ## - MAIN ENTRY--PERSONAL NAME
Personal name Guzzo, Augusto
245 ## - TITLE STATEMENT
Title I dialoghi del Bruno. /
Statement of responsibility, etc Augusto Guzzo
246 ## - VARYING FORM OF TITLE
Title proper/short title Los diálogos de Bruno.
250 ## - EDITION STATEMENT
Edition statement primera edición
260 ## - PUBLICATION, DISTRIBUTION, ETC. (IMPRINT)
Place of publication, distribution, etc Italia, Torino ;
Name of publisher, distributor, etc Lerma,
Date of publication, distribution, etc 1932
300 ## - PHYSICAL DESCRIPTION
Extent 206 p. ;
Dimensions 23 cm.
600 ## - SUBJECT ADDED ENTRY--PERSONAL NAME
Personal name Bruno, Giordano,
Dates associated with a name 1548-1600.
942 ## - ADDED ENTRY ELEMENTS (KOHA)
Source of classification or shelving scheme Biblioteca del Cogreso de los Estados Unidos
Koha item type Libro
Holdings
Estado de pérdida Fuente de clasificación Estado del daño No para préstamo Ubicación permanente Ubicación actual Apartado o colección Fecha de adquisición Edición Área del conocimiento Total Checkouts Clasificación Código de Barras Date last seen Número de copia Costo por reposición Tipo de recurso
  Biblioteca del Cogreso de los Estados Unidos   Consulta Biblioteca de la Facultad de Filosofía Biblioteca de la Facultad de Filosofía Fondo "Luis Villoro" 08/10/2021 1a ed. Educación y Humanidades   B783.Z7 G87 [1932] BFF000035726 08/10/2021 C.1 1.00 Libro